[Event "NatWest Team Challenge"]
[Site "Catford"]
[Date "1985.08.??"]
[Round "?"]
[White "Hawksworth, John C"]
[Black "West, Guy"]
[Result "1-0"]
[WhiteElo "2370"]
[BlackElo "2310"]
[PlyCount "83"]
[EventDate "1985.08.11"]
[EventType "team-schev"]
[EventRounds "9"]
[EventCountry "ENG"]
[SourceTitle "BritBase"]
[Source "John Saunders"]
[SourceDate "2023.02.28"]
[SourceVersion "1"]
[SourceVersionDate "2023.02.28"]
[SourceQuality "1"]
[WhiteTeam "Anglo-India"]
[BlackTeam "Australia"]
[WhiteTeamCountry "ENG"]
[BlackTeamCountry "AUS"]

1. Nf3 c5 2. c4 Nf6 3. g3 b6 4. Bg2 Bb7 5. O-O g6 6. b3 Bg7 7. Bb2 O-O 8. Nc3
Nc6 9. d4 Nxd4 10. Nxd4 Bxg2 11. Kxg2 cxd4 12. Qxd4 d6 13. Nd5 Ne8 14. Qd2 Bxb2
15. Qxb2 e6 16. Nc3 a6 17. Rad1 Qe7 18. f3 f5 19. Rd3 Qb7 20. a4 Qc6 21. Re1
Ra7 22. e4 e5 23. Nd5 a5 24. Qd2 Raf7 25. exf5 gxf5 26. f4 e4 27. Rd4 Rg7 28.
Ne3 Rg6 29. Rd5 Ng7 30. Rd1 Rff6 31. Rb5 Ne6 32. Nd5 e3 33. Qxe3 Nc5 34. Rxb6
Qa8 35. Qf3 Ne4 36. Nxf6+ Rxf6 37. Rbxd6 Rxd6 38. Rxd6 h5 39. Rd5 Qa7 40. Rxf5
Qd4 41. Qe2 Kg7 42. Rd5 1-0

[Event "NatWest Team Challenge"]
[Site "Catford"]
[Date "1985.08.??"]
[Round "?"]
[White "Colias, Billy"]
[Black "West, Guy"]
[Result "1/2-1/2"]
[WhiteElo "2315"]
[BlackElo "2310"]
[PlyCount "188"]
[EventDate "1985.08.11"]
[EventType "team-schev"]
[EventRounds "9"]
[EventCountry "ENG"]
[SourceTitle "BritBase"]
[Source "John Saunders"]
[SourceDate "2023.02.28"]
[SourceVersion "1"]
[SourceVersionDate "2023.02.28"]
[SourceQuality "1"]
[WhiteTeam "USA"]
[BlackTeam "Australia"]
[WhiteTeamCountry "USA"]
[BlackTeamCountry "AUS"]

1. e4 Nc6 2. d4 d5 3. e5 Bf5 4. Bb5 e6 5. Ne2 Nge7 6. O-O a6 7. Ba4 f6 8. f4
Qd7 9. Nd2 Nc8 10. Bxc6 Qxc6 11. c3 Bg6 12. g4 Ne7 13. Ng3 f5 14. h3 Qb6 15.
Qb3 Qxb3 16. axb3 Kd7 17. Kg2 fxg4 18. hxg4 Bd3 19. Rh1 g6 20. Nf3 Bc2 21. b4
Bg7 22. Be3 Raf8 23. Nd2 h6 24. Rh2 Rfg8 25. Kf3 Bd3 26. Rd1 b6 27. Nb3 Bc4 28.
Nd2 Bd3 29. Nb3 Bb5 30. Ra1 Kc8 31. Rah1 Rf8 32. Kg2 Rhg8 33. Nd2 Bd3 34. Ra1
Kb7 35. Kg1 h5 36. g5 Bf5 37. Nf3 Bg4 38. Nh4 Ra8 39. Kf2 Rgf8 40. Rhh1 Rf7 41.
Kg2 Nf5 42. Ngxf5 Bxf5 43. Rhe1 Be4+ 44. Kg3 a5 45. bxa5 Rxa5 46. Rxa5 bxa5 47.
Bd2 Bc2 48. Rc1 Bd3 49. Ra1 Kb6 50. b3 c6 51. Bc1 Kb5 52. Kf3 Bc2 53. Ba3 Bf8
54. Ke3 Bxa3 55. Rxa3 Ra7 56. Kd2 Bb1 57. Ra1 Be4 58. Ra4 Rc7 59. Ke3 Bc2 60.
Ra3 Rf7 61. Kf3 Rc7 62. Ke3 c5 63. dxc5 Rxc5 64. Rxa5+ Kxa5 65. b4+ Kb5 66.
bxc5 Kxc5 67. Nf3 Bf5 68. Kd2 Kc4 69. Nd4 Bg4 70. f5 exf5 71. e6 f4 72. e7 Bd7
73. Nf5 Kb3 74. Ng7 h4 75. Ne6 Kc4 76. Nxf4 Be8 77. Ke3 Bf7 78. Kf2 Kc5 79. Kf3
Kd6 80. Kg4 Kxe7 81. Kxh4 Kd6 82. Nd3 Be6 83. Kg3 Bf5 84. Nf2 Ke5 85. Nd1 Ke4
86. Nb2 Bd7 87. Nd1 Be6 88. Nb2 Kf5 89. Kh4 Bd7 90. Nd3 Bb5 91. Nc5 Kf4 92.
Ne6+ Ke3 93. Kg3 Bd3 94. Nd4 Ke4 1/2-1/2

[Event "NatWest Team Challenge"]
[Site "Catford"]
[Date "1985.08.??"]
[Round "?"]
[White "Kosten, Anthony C"]
[Black "West, Guy"]
[Result "1-0"]
[WhiteElo "2395"]
[BlackElo "2310"]
[PlyCount "41"]
[EventDate "1985.08.11"]
[EventType "team-schev"]
[EventRounds "9"]
[EventCountry "ENG"]
[SourceTitle "BritBase"]
[Source "John Saunders"]
[SourceDate "2023.02.28"]
[SourceVersion "1"]
[SourceVersionDate "2023.02.28"]
[SourceQuality "1"]
[WhiteTeam "England"]
[BlackTeam "Australia"]
[WhiteTeamCountry "ENG"]
[BlackTeamCountry "AUS"]

1. d4 Nf6 2. Nf3 c5 3. e3 e6 4. Bd3 cxd4 5. exd4 Be7 6. O-O O-O 7. c4 d6 8. Nc3
Nbd7 9. b3 Re8 10. Bb2 b6 11. Qd2 Bb7 12. d5 e5 13. Rae1 g6 14. Ng5 Rf8 15. f4
Nh5 16. g3 exf4 17. gxf4 Bc8 18. Nce4 h6 19. Qc3 Bf6 20. Nxf6+ Qxf6 21. Qc2 1-0

[Event "NatWest Team Challenge"]
[Site "Catford"]
[Date "1985.08.??"]
[Round "?"]
[White "West, Guy"]
[Black "Martin, Andrew D"]
[Result "1/2-1/2"]
[WhiteElo "2310"]
[BlackElo "2410"]
[PlyCount "53"]
[EventDate "1985.08.11"]
[EventType "team-schev"]
[EventRounds "9"]
[EventCountry "ENG"]
[SourceTitle "BritBase"]
[Source "John Saunders"]
[SourceDate "2023.02.28"]
[SourceVersion "1"]
[SourceVersionDate "2023.02.28"]
[SourceQuality "1"]
[WhiteTeam "Australia"]
[BlackTeam "Anglo-India"]
[WhiteTeamCountry "AUS"]
[BlackTeamCountry "ENG"]

1. d4 Nf6 2. c4 c5 3. d5 b5 4. cxb5 a6 5. bxa6 Bxa6 6. Nc3 d6 7. Nf3 g6 8. Nd2
Qa5 9. e4 Bxf1 10. Kxf1 Bg7 11. g3 Nbd7 12. Nc4 Qa6 13. Qe2 O-O 14. Kg2 Rfb8
15. Bd2 Nb6 16. b3 Nfd7 17. Nxb6 Rxb6 18. Qxa6 Rbxa6 19. a4 c4 20. bxc4 Nb6 21.
Rhb1 Nxc4 22. Be1 Ne5 23. Ra2 Nd3 24. Bd2 Nc5 25. f3 f5 26. exf5 gxf5 27. Rb4
1/2-1/2

[Event "NatWest Team Challenge"]
[Site "Catford"]
[Date "1985.08.11"]
[Round "1"]
[White "Johansen, Darryl Keith"]
[Black "Kosten, Anthony C"]
[Result "1/2-1/2"]
[WhiteElo "2410"]
[BlackElo "2395"]
[PlyCount "85"]
[EventDate "1985.08.11"]
[EventType "team-schev"]
[EventRounds "9"]
[EventCountry "ENG"]
[SourceTitle "BritBase"]
[Source "John Saunders"]
[SourceDate "2023.02.28"]
[SourceVersion "1"]
[SourceVersionDate "2023.02.28"]
[SourceQuality "1"]
[WhiteTeam "Australia"]
[BlackTeam "England"]
[WhiteTeamCountry "AUS"]
[BlackTeamCountry "ENG"]

1. Nf3 Nf6 2. g3 d5 3. Bg2 c6 4. O-O Bg4 5. d3 e6 6. h3 Bxf3 7. Bxf3 Nbd7 8.
Bg2 Bd6 9. e4 Qb8 10. Qe2 O-O 11. f4 Bc7 12. Nd2 b5 13. e5 Ne8 14. Nf3 g6 15.
Bd2 Ng7 16. Rae1 a5 17. Kh1 b4 18. g4 a4 19. Qf2 b3 20. axb3 axb3 21. c3 Ra2
22. Bc1 Qd8 23. d4 f5 24. exf6 Qxf6 25. Qe2 Rb8 26. Ne5 Bxe5 27. fxe5 Qe7 28.
Rf3 Raa8 29. Ref1 Rf8 30. Kh2 Rxf3 31. Rxf3 Ra1 32. Bh6 Nb6 33. Rf2 Nc4 34. Qf3
Ra8 35. Bg5 Qf8 36. Qg3 Qe8 37. Bf1 Ra7 38. h4 h5 39. Bf6 hxg4 40. Bxg7 Kxg7
41. Bxc4 dxc4 42. Qxg4 Rf7 43. Rg2 1/2-1/2

[Event "NatWest Team Challenge"]
[Site "Catford"]
[Date "1985.08.12"]
[Round "2"]
[White "Martin, Andrew D"]
[Black "Johansen, Darryl Keith"]
[Result "1/2-1/2"]
[WhiteElo "2410"]
[BlackElo "2410"]
[PlyCount "26"]
[EventDate "1985.08.11"]
[EventType "team-schev"]
[EventRounds "9"]
[EventCountry "ENG"]
[SourceTitle "BritBase"]
[Source "John Saunders"]
[SourceDate "2023.02.28"]
[SourceVersion "1"]
[SourceVersionDate "2023.02.28"]
[SourceQuality "1"]
[WhiteTeam "Anglo-India"]
[BlackTeam "Australia"]
[WhiteTeamCountry "ENG"]
[BlackTeamCountry "AUS"]

1. e4 e6 2. d4 d5 3. Nc3 Bb4 4. e5 b6 5. a3 Bf8 6. Nf3 Ne7 7. Bd2 Qd7 8. a4 a5
9. Bb5 c6 10. Bd3 Ba6 11. Qe2 Bxd3 12. Qxd3 Na6 13. Ne2 c5 1/2-1/2

[Event "NatWest Team Challenge"]
[Site "Catford"]
[Date "1985.08.13"]
[Round "3"]
[White "Schiller, Eric"]
[Black "Johansen, Darryl Keith"]
[Result "0-1"]
[WhiteElo "2205"]
[BlackElo "2410"]
[PlyCount "82"]
[EventDate "1985.08.11"]
[EventType "team-schev"]
[EventRounds "9"]
[EventCountry "ENG"]
[SourceTitle "BritBase"]
[Source "John Saunders"]
[SourceDate "2023.02.28"]
[SourceVersion "1"]
[SourceVersionDate "2023.02.28"]
[SourceQuality "1"]
[WhiteTeam "USA"]
[BlackTeam "Australia"]
[WhiteTeamCountry "USA"]
[BlackTeamCountry "AUS"]

1. Nc3 d5 2. d4 e6 3. e4 Bb4 4. Bd2 Nc6 5. Bb5 Nge7 6. a3 Bxc3 7. Bxc3 dxe4 8.
Qg4 O-O 9. Qxe4 e5 10. Bxc6 exd4 11. Bb4 Nxc6 12. Bxf8 Qxf8 13. Nf3 g6 14. O-O
Bf5 15. Qf4 Qc5 16. Qxc7 Bxc2 17. Qxb7 Rb8 18. Qc7 d3 19. b4 Qd5 20. Rae1 Rf8
21. Qf4 Rd8 22. Qh6 f6 23. Qf4 Kg7 24. b5 Ne5 25. Nxe5 fxe5 26. Rxe5 Qd6 27.
Rfe1 Re8 28. a4 d2 29. Qxd2 Qxd2 30. Rxe8 Bxa4 31. R8e7+ Kh6 32. h4 Bxb5 33.
R1e3 a5 34. Ra7 Bd7 35. Re4 a4 36. Re7 Qd1+ 37. Kh2 Qd4 38. Ra5 Qxh4+ 39. Kg1
Qb4 40. Ra7 Qb1+ 41. Kh2 Qb8+ 0-1

[Event "NatWest Team Challenge"]
[Site "Catford"]
[Date "1985.08.14"]
[Round "4"]
[White "Johansen, Darryl Keith"]
[Black "Ravikumar, Vaidyanathan"]
[Result "1-0"]
[WhiteElo "2410"]
[BlackElo "2370"]
[PlyCount "71"]
[EventDate "1985.08.11"]
[EventType "team-schev"]
[EventRounds "9"]
[EventCountry "ENG"]
[SourceTitle "BritBase"]
[Source "John Saunders"]
[SourceDate "2023.02.28"]
[SourceVersion "1"]
[SourceVersionDate "2023.02.28"]
[SourceQuality "1"]
[WhiteTeam "Australia"]
[BlackTeam "Anglo-India"]
[WhiteTeamCountry "AUS"]
[BlackTeamCountry "ENG"]

1. Nf3 Nf6 2. g3 g6 3. b3 Bg7 4. Bb2 b6 5. Bg2 Bb7 6. c4 c5 7. O-O O-O 8. Nc3
Nc6 9. d4 d5 10. Nxd5 Nxd5 11. cxd5 Nxd4 12. Nxd4 cxd4 13. Bxd4 Bxd5 14. Bxg7
Bxg2 15. Bxf8 Bxf1 16. Qxd8 Rxd8 17. Bxe7 Re8 18. Kxf1 Rxe7 19. Rc1 Re5 20. Rc7
a5 21. e3 Rb5 22. Rc4 Kg7 23. Ke2 Rh5 24. h4 b5 25. Rc7 Rd5 26. e4 Rd4 27. Ke3
Rd1 28. Ra7 a4 29. bxa4 b4 30. Rb7 Re1+ 31. Kd4 Re2 32. f4 Rxa2 33. Rxb4 h5 34.
Kc5 Ra3 35. Kb6 Rxg3 36. a5 1-0

[Event "NatWest Team Challenge"]
[Site "Catford"]
[Date "1985.08.15"]
[Round "5"]
[White "Johansen, Darryl Keith"]
[Black "Hall, John"]
[Result "1-0"]
[WhiteElo "2410"]
[BlackElo "2290"]
[PlyCount "59"]
[EventDate "1985.08.11"]
[EventType "team-schev"]
[EventRounds "9"]
[EventCountry "ENG"]
[SourceTitle "BritBase"]
[Source "John Saunders"]
[SourceDate "2023.02.28"]
[SourceVersion "1"]
[SourceVersionDate "2023.02.28"]
[SourceQuality "1"]
[WhiteTeam "Australia"]
[BlackTeam "USA"]
[WhiteTeamCountry "AUS"]
[BlackTeamCountry "USA"]

1. b3 b6 2. Bb2 Bb7 3. e3 e6 4. Nf3 Nf6 5. c4 d5 6. Be2 Nbd7 7. O-O Bd6 8. cxd5
exd5 9. Nd4 a6 10. Nf5 Bf8 11. Nc3 g6 12. Ng3 Bg7 13. Ba3 c5 14. d4 O-O 15. Na4
Bc6 16. Rc1 Qe7 17. Bf3 Rfd8 18. dxc5 b5 19. Nb6 Nxb6 20. cxb6 Qb7 21. Bc5 Nd7
22. Bd4 Nxb6 23. Ne2 Bxd4 24. Qxd4 Bd7 25. h4 h5 26. Nf4 Bf5 27. Bxh5 gxh5 28.
Nxh5 f6 29. Nxf6+ Kf7 30. Nh5 1-0

[Event "NatWest Team Challenge"]
[Site "Catford"]
[Date "1985.08.16"]
[Round "6"]
[White "Gallagher, Joseph G"]
[Black "Johansen, Darryl Keith"]
[Result "1-0"]
[WhiteElo "2310"]
[BlackElo "2410"]
[PlyCount "81"]
[EventDate "1985.08.11"]
[EventType "team-schev"]
[EventRounds "9"]
[EventCountry "ENG"]
[SourceTitle "BritBase"]
[Source "John Saunders"]
[SourceDate "2023.02.28"]
[SourceVersion "1"]
[SourceVersionDate "2023.02.28"]
[SourceQuality "1"]
[WhiteTeam "England"]
[BlackTeam "Australia"]
[WhiteTeamCountry "ENG"]
[BlackTeamCountry "AUS"]

1. e4 e6 2. Nc3 d5 3. d4 Bb4 4. e5 Qd7 5. Qg4 f5 6. Qg3 b6 7. Bd2 Ba6 8. Bxa6
Nxa6 9. Nh3 Bf8 10. O-O c5 11. Ne2 Ne7 12. Nhf4 Nc6 13. c3 Nc7 14. Nd3 c4 15.
Ndf4 b5 16. b3 Qf7 17. Rfb1 Be7 18. bxc4 bxc4 19. Rb7 O-O-O 20. Rxc7+ $1 Kxc7
21. Qxg7 Qxg7 22. Nxe6+ Kd7 23. Nxg7 Rdf8 24. Bh6 Nd8 25. Nh5 Re8 26. Ng7 Ref8
27. Nh5 Re8 28. Bg7 Rhg8 29. Bf6 Kc6 30. Bxe7 Rxe7 31. Nf6 Rgg7 32. Nf4 Rb7 33.
N4xd5 Rb2 34. Ne3 Rgb7 35. d5+ Kc5 36. g3 Nf7 37. e6 Nd6 38. a4 Rb1+ 39. Rxb1
Rxb1+ 40. Kg2 Ne4 41. Nxe4+ 1-0

[Event "NatWest Team Challenge"]
[Site "Catford"]
[Date "1985.08.17"]
[Round "7"]
[White "Johansen, Darryl Keith"]
[Black "Colias, Billy"]
[Result "1-0"]
[WhiteElo "2410"]
[BlackElo "2315"]
[Annotator "Johansen,D"]
[PlyCount "47"]
[EventDate "1985.08.11"]
[EventType "team-schev"]
[EventRounds "9"]
[EventCountry "ENG"]
[SourceTitle "BritBase"]
[Source "John Saunders"]
[SourceDate "2023.02.28"]
[SourceVersion "1"]
[SourceVersionDate "2023.02.28"]
[SourceQuality "1"]
[WhiteTeam "Australia"]
[BlackTeam "USA"]
[WhiteTeamCountry "AUS"]
[BlackTeamCountry "USA"]

1. Nf3 {To get b3 systems, this is the best move order.The only advantage in
playing 1 b3 is you can play some systems with an early f2-f4 and in some
positions, the knight can be developed to e2.} d5 2. b3 c5 3. e3 Nc6 4. Bb2 Nf6
5. Bb5 Bd7 (5... Qb6 $5 6. a4 (6. c4) (6. Qe2 $5) 6... a6 7. a5 $5 Qxb5 $6 8.
Nc3 Qb4 9. Ra4 $1) 6. O-O e6 7. Bxc6 Bxc6 8. Ne5 Be7 $6 {Bad play. There's no
reason to allow the pawn structure to be thus spoiled.} (8... Qc7) (8... Rc8)
9. Nxc6 bxc6 10. d3 O-O 11. Qe2 d4 $2 (11... Nd7 12. e4 a5 $5 {Looks far
better.}) 12. e4 e5 13. Nd2 Nd7 14. g3 Bd6 15. Rae1 Qe7 16. c3 $5 Bc7 17. Rc1
a5 18. cxd4 exd4 19. a4 f5 20. f4 Rae8 21. Ba3 g5 22. e5 g4 $6 23. Qg2 Bb6 24.
Qxc6 {I wouldn't resign here; my opponent felt otherwise.} 1-0

[Event "NatWest Team Challenge"]
[Site "Catford"]
[Date "1985.08.18"]
[Round "8"]
[White "Conquest, Stuart"]
[Black "Johansen, Darryl Keith"]
[Result "1/2-1/2"]
[WhiteElo "2345"]
[BlackElo "2410"]
[PlyCount "96"]
[EventDate "1985.08.11"]
[EventType "team-schev"]
[EventRounds "9"]
[EventCountry "ENG"]
[SourceTitle "BritBase"]
[Source "John Saunders"]
[SourceDate "2023.02.28"]
[SourceVersion "1"]
[SourceVersionDate "2023.02.28"]
[SourceQuality "1"]
[WhiteTeam "England"]
[BlackTeam "Australia"]
[WhiteTeamCountry "ENG"]
[BlackTeamCountry "AUS"]

1. d4 Nf6 2. c4 e6 3. g3 Bb4+ 4. Bd2 Qe7 5. Bg2 Nc6 6. Nf3 Bxd2+ 7. Nbxd2 d6 8.
O-O O-O 9. Qc2 a5 10. Qc3 e5 11. e4 exd4 12. Nxd4 Nxd4 13. Qxd4 Qe5 14. Nb3 a4
15. f4 Qh5 16. Nd2 Bh3 17. Rfe1 Bxg2 18. Kxg2 Rfe8 19. h3 Nd7 20. Nf3 Qc5 21.
Rad1 Qxd4 22. Nxd4 Nc5 23. Nb5 Rac8 24. Kf3 f6 25. h4 Re7 26. Nc3 Rce8 27. Nd5
Rxe4 28. Rxe4 Rxe4 29. Nxc7 Rxc4 30. Rxd6 Rc2 31. Rb6 a3 32. bxa3 Rc3+ 33. Kg2
Rxa3 34. Rb2 Ne4 35. Rxb7 Rxa2+ 36. Kf3 f5 37. Nb5 Rf2+ 38. Ke3 Rg2 39. Kd4 h6
40. Ke5 Rb2 41. Kxf5 Rxb5+ 42. Rxb5 Nd6+ 43. Kg6 Nxb5 44. f5 Nc3 45. f6 gxf6
46. Kxf6 Kh7 47. g4 Ne4+ 48. Kf7 Nd6+ 1/2-1/2

[Event "NatWest Team Challenge"]
[Site "Catford"]
[Date "1985.08.20"]
[Round "9"]
[White "Johansen, Darryl Keith"]
[Black "Hawksworth, John C"]
[Result "1-0"]
[WhiteElo "2410"]
[BlackElo "2370"]
[PlyCount "74"]
[EventDate "1985.08.11"]
[EventType "team-schev"]
[EventRounds "9"]
[EventCountry "ENG"]
[SourceTitle "BritBase"]
[Source "John Saunders"]
[SourceDate "2023.02.28"]
[SourceVersion "1"]
[SourceVersionDate "2023.02.28"]
[SourceQuality "1"]
[WhiteTeam "Australia"]
[BlackTeam "Anglo-India"]
[WhiteTeamCountry "AUS"]
[BlackTeamCountry "ENG"]

1. g3 g6 2. Bg2 Bg7 3. d3 d5 4. f4 Nf6 5. Nf3 O-O 6. O-O c5 7. Qe1 d4 8. Na3
Nc6 9. c3 Nd5 10. Bd2 e5 11. fxe5 Nxe5 12. Nxe5 Bxe5 13. Nc2 Rb8 14. cxd4 cxd4
15. Qf2 Nf6 16. Bf4 Ng4 17. Qf3 Qd6 18. h3 Ne3 19. Nxe3 dxe3 20. Qxe3 Bxf4 21.
Rxf4 Be6 22. b3 b6 23. Rd4 Qa3 24. Rh4 Qb2 25. Rf1 Qg7 26. Rhf4 Rbc8 27. d4
Rfd8 28. g4 Rc7 29. Re4 Rcd7 30. d5 Rxd5 31. Rxe6 fxe6 32. Qxe6+ Kh8 33. Bxd5
Qd4+ 34. e3 Qxd5 35. Rf8+ Kg7 36. Qf6+ Kh6 37. Rxd8 Qg2+ {time} 1-0